1014 1274 1255 1365 1476 1603 1804 1846 1703 1534 1481 1068 1408 1876 1460 1229 1888 1654 1607 1421 1733 1396 1722 1376 1920 1821 1116 1860 1544 1740 1684 1478 1471 1715 1152 1161 1159 1421 1800 1307 1706 1119 1017 1347 1715 1565 1056 1971 1176 1606 1820 1213 1325 1862 1430 1845 1296 1960 1944 1876 1394 1056 1484 1978 1711 1988 1350 1511 1835 1801 1540 1401 1609 1150 1668 1209 1466 1512 1292 1610 1072 1534 1799 1098 1417 1898 1544 1794 1660 1704 1971 1389 1179 1386 1391 1475 1594 1886 1054 BCNSPRNW ULIB Ver.6.0+V

เปลี่ยนเป็นภาษาไทย

Change to English
 แสดงรายละเอียดบรรณานุกรม
  กลับหน้าหลัก

Brief Record : Get Marc (ISO 2709) : E-mail record : QR code < ปิดหน้าต่าง
LEADER : 00000nam 2200000uu 4500
001    13399122498
003     ULIB
008    120731s2555||||th 000 0 tha d
020    ^a9786160605521
090    ^aนว.^bT551พ
100 0  ^aTiara
245 00 ^aเพชรพราย...ประกายรัก /^cTiara
250    ^aพิมพ์ครั้งที่ 2
260    ^aกรุงเทพฯ :^bแจ่มใส,^c2555
300    ^a253 หน้า
500    ชุดพิเศษ ความรู้สึกดี...ที่เรียกว่ารัก
710 1  ^aแจ่มใส
945    ^p189^l0^i19957
995    ^aทศพร
999    ^aใช้งานได้ทุกระบบ
รายการนี้ยังไม่มีแท็ก
คุณยังไม่ได้ล็อกอิน คุณสามารถมีกิจกรรมร่วมกับเว็บไซต์ได้ แต่ต้องล็อกอินก่อน ::
  ล็อกอิน

รายการสื่อสารสนเทศ

ลำดับที่ ประเภท เลขเรียก/บาร์โค้ด สถานที่ สถานะ
1. นวนิยาย
นวนิยาย
นว. T551พ  
  Barcode: 19957
ห้องสมุดวิทยาเขตสวรรค์ประชารักษ์
►นวนิยาย
บนชั้น
  ขอยืม

รายการใกล้เคียง
    ผู้แต่ง [Tiara]

BibComment


ยังไม่เคยถูกคอมเมนท์

คอมเมนท์ทรัพยากรรายการนี้
  คอมเมนท์: เพชรพรายประกายรั..


 Copyright 2026. Bcnsprnw @Library